00405nam a2200133Ia 4500008004100000020002200041040002900063050002700092100002200119245007900141260002900220942000700249999001500256221221s9999||||xx |||||||||||||| ||und|| a978-0-07-352482-5 cChuka University Library aBSL HF 5691 bB54 2008 aBiehler, Timothy  4aThe mathematics of money: math for business and personal finance decisions aMcGrawhillbBostonc2008 cBK c4374d4374